书目信息 |
| 题名: |
一生做个好人
|
|
| 作者: | 莫里兹 著 ;姬登杰 , 姚翠丽 译 | |
| 分册: | ||
| 出版信息: | 北京 人民文学出版社 2004.07 |
|
| 页数: | 313页 | |
| 开本: | 20cm | |
| 丛书名: | 我能行丛书 | |
| 单 册: | ||
| 中图分类: | I515.84 | |
| 科图分类: | ||
| 主题词: | 儿童文学--er tong wen xue--长篇小说--匈牙利--现代 , 文学 | |
| 电子资源: | ||
| ISBN: | 7-02-004573-1 | |
| 000 | 01167nam 2200325 450 | |
| 001 | CAL 012005039608 | |
| 005 | 20050620164856.51 | |
| 010 | @a7-02-004573-1@dCNY 16.00 | |
| 099 | @aCAL 012005039608 | |
| 100 | @a20050414d2004 demy0chiy0121 ea | |
| 101 | 1 | @achi@chun |
| 102 | @aCN@b110000 | |
| 105 | @aaf z 000ay | |
| 200 | 1 | @a一生做个好人@Ayi sheng zuo ge hao ren@f(匈)齐格蒙德·莫里兹著@g姬登杰, 姚翠丽译 |
| 210 | @a北京@c人民文学出版社@d2004.07 | |
| 215 | @a313页@c图@d20cm | |
| 225 | 2 | @a我能行丛书@Awo neng xing cong shu |
| 312 | @a并列题名取自版权页 | |
| 330 | @a该书表现的是对社会环境和人物心灵的深刻洞察。书中讲述了一个孩子的成长经历、内心矛盾以及他与社会的第一次冲突, 描述了孩子的精神世界、过分的敏感、责任心和梦想等内容。 | |
| 410 | 0 | @12001 @a我能行丛书 |
| 510 | 1 | @aBe faithful unto death@zhun |
| 606 | 0 | @a儿童文学@Aer tong wen xue@x长篇小说@y匈牙利@z现代 |
| 606 | 0 | @a文学 |
| 690 | @aI515.84@v4 | |
| 701 | 1 | @a莫里兹@Amo li zi@bZ.@g(Moricz, Zsigmond)@f1879-1942@4著 |
| 702 | 0 | @a姬登杰@Aji deng jie@4译 |
| 702 | 0 | @a姚翠丽@Ayao cui li@4译 |
| 801 | 0 | @aCN@bSDUL@c20050620 |
| 905 | @a10447@dI515.84@eQ034 | |
| 998 | @aSDU | |
| 一生做个好人/(匈)齐格蒙德·莫里兹著/姬登杰, 姚翠丽译.-北京:人民文学出版社,2004.07 |
| 313页:图;20cm.-(我能行丛书) |
| ISBN 7-02-004573-1:CNY 16.00 |
| 该书表现的是对社会环境和人物心灵的深刻洞察。书中讲述了一个孩子的成长经历、内心矛盾以及他与社会的第一次冲突, 描述了孩子的精神世界、过分的敏感、责任心和梦想等内容。 |
| ● |
| 相关链接 |
|
|
|
正题名:一生做个好人
索取号:I515.84/Q034
 
预约/预借
| 序号 | 登录号 | 条形码 | 馆藏地/架位号 | 状态 | 备注 |
| 1 | 535037 | 205350378 | 文学库116/116文学库 17排4列4层/ [索取号:I515.84/Q034] | 在馆 | |
| 2 | 535038 | 205350387 | 社科二线422/422社科库 28排4列1层/ [索取号:I515.84/Q034] | 在馆 | |
| 3 | 535039 | 205350396 | 文学库116/116文学库 17排4列4层/ [索取号:I515.84/Q034] | 在馆 |